000 01067nam a2200265Ia 4500
003 OSt
005 20221005103958.0
006 a|||||r|||| 00| 0
007 ta
008 221004b |||||||| |||| 00| 0 hin d
020 _a817917349 (hbk)
_c225
024 _a100384
037 _b379, 04/03/2010, Swaraj Prakashan
_cTextual
040 _aCRL
_cCRL
_bhin
041 _2hin
_ahin
082 _aQ2:1(KZ311), 152P4
100 _aझा, द्विजेंद्रनारायण
_9623725
245 0 _aपवित्र गाय का मिथक
246 _aPavitra gāya kā mithaka
260 _aदिल्ली
_bग्रंथ शिल्पी भारत
_c2004
300 _a144पृ0
_ccm.
700 _a आदित्यनारायण सिंह, अनु.
_9623726
942 _hQ2:1(KZ311), 152P4
_cTEXL
_2cc
999 _c1011426
_d1011426